000 00294nam a2200109Ia 4500
008 171211s9999 xx 000 0 und d
245 _aSorghum and Millets Diseases
245 _cJohn F. Leslie
260 _c2003
650 _xBiology
856 _uhttp://down.ebook777.com/062/9780813803890.pdf
999 _c350390
_d350390